000 00448nam a22001697a 4500
999 _c524537
_d524537
003 NUST
005 20190622104726.0
022 _a(Hbk)
038 _aM.Shaban
082 _a398.35
_bAHM
100 _aAhmad, Aziz
_915346
245 _aNasl e insani kee taareekh /
_cPro.Aziz Ahmad
300 _a159 p. ;
880 _6100-01\r
_aپروفیسر عزیز احمد
880 _6245-02\r
_aنسلِ انسانی کی تاریخ /
942 _2ddc
_cBK